[Event "Aragon-chT Honor Titulo"]
[Site "Aragon"]
[Date "2017.03.18"]
[Round "8.2"]
[White "Hefty Hilardo, Jorge Walter"]
[Black "Gines Esteo, Pedro Antonio"]
[Result "1/2-1/2"]
[WhiteElo "2369"]
[BlackElo "2325"]
[PlyCount "22"]
[EventDate "2017.02.25"]
[EventType "team-tourn"]
[EventRounds "10"]
[EventCountry "ESP"]
[SourceTitle "EXT 2018"]
[Source "ChessBase"]
[SourceDate "2017.10.13"]
[SourceVersion "1"]
[SourceVersionDate "2017.10.13"]
[SourceQuality "1"]
[WhiteTeam "IberCaja"]
[BlackTeam "Jaque"]
[WhiteTeamCountry "ESP"]
[BlackTeamCountry "ESP"]

1. e4 c5 2. Nf3 e6 3. d4 cxd4 4. Nxd4 Nf6 5. Nc3 Nc6 6. Nxc6 bxc6 7. Bd3 d5 8. 0-0 Be7 9. Qe2 0-0 10. b3 a5 11. Bb2 Qb6 1/2-1/2

[Event "Aragon-chT Preferente A"]
[Site "Aragon"]
[Date "2016.02.20"]
[Round "4.37"]
[White "Cifuentes Parada, Roberto"]
[Black "Hefty Hilardo, Jorge Walter"]
[Result "1-0"]
[WhiteElo "2469"]
[BlackElo "2352"]
[PlyCount "227"]
[EventDate "2016.01.30"]
[EventType "team-tourn"]
[EventRounds "9"]
[EventCountry "ESP"]
[SourceTitle "EXT 2018"]
[Source "ChessBase"]
[SourceDate "2017.10.13"]
[SourceVersion "1"]
[SourceVersionDate "2017.10.13"]
[SourceQuality "1"]
[WhiteTeam "Jaque"]
[BlackTeam "IberCaja II"]
[WhiteTeamCountry "ESP"]
[BlackTeamCountry "ESP"]

1. d4 Nf6 2. Nf3 e6 3. e3 c5 4. Bd3 b6 5. 0-0 Bb7 6. c4 Be7 7. Nc3 cxd4 8. exd4 d6 9. d5 e5 10. Ng5 Nbd7 11. f4 h6 12. Ne6 fxe6 13. dxe6 0-0 14. exd7 Qxd7 15. fxe5 dxe5 16. Be3 Qg4 17. Nd5 Bxd5 18. cxd5 Qxd1 19. Rfxd1 Ng4 20. d6 Bxd6 21. Bc4+ Kh8 22. Bxb6 Rf6 23. h3 axb6 24. hxg4 Bc5+ 25. Kh2 Rf2 26. Rab1 Rf4 27. Be6 Bf2 28. g3 Rf6 29. Bd5 Re8 30. Be4 Bd4 31. Rd2 Ref8 32. Kh3 Rc8 33. a4 Rff8 34. b4 Rc3 35. Rd3 Rxd3 36. Bxd3 Rf3 37. Bg6 Rf6 38. Be4 g5 39. Rc1 Kg7 40. Bf5 Kf8 41. Kg2 e4 42. Rc4 Rd6 43. Bxe4 Ke7 44. Kf3 Kf6 45. a5 bxa5 46. bxa5 Ke5 47. Ra4 Rf6+ 48. Bf5 Rc6 49. a6 Rc3+ 50. Kg2 Ba7 51. Re4+ Kd5 52. Re7 Bc5 53. Rd7+ Ke5 54. Rc7 Kd5 55. Rh7 Ra3 56. Rxh6 Bd6 57. Be6+ Kc5 58. Bc8 Rxg3+ 59. Kf2 Ra3 60. Ke2 Bf4 61. Re6 Kd4 62. Bb7 Ra2+ 63. Kd1 Kd3 64. Be4+ Kd4 65. Bc2 Ra3 66. Bf5 Ra2 67. Re4+ Kc3 68. Re6 Kd4 69. Bb1 Ra3 70. Bg6 Ra2 71. Bf7 Kd3 72. Bg6+ Kd4 73. Rb6 Kc5 74. Rf6 Kd4 75. Bf7 Ra5 76. Kc2 Ke4 77. Rc6 Be3 78. Kb3 Ra1 79. Re6+ Kd4 80. Rc6 Ke5 81. Bc4 Bd4 82. Re6+ Kf4 83. Be2 Re1 84. Kc4 Bg1 85. Kd3 Ra1 86. Rf6+ Kg3 87. Rf3+ Kh4 88. Rf6 Ra3+ 89. Kc4 Ra2 90. Re6 Kg3 91. Kb5 Rc2 92. Re4 Rc5+ 93. Kb4 Rc1 94. Bc4 Rb1+ 95. Bb3 Ra1 96. Ba4 Rb1+ 97. Bb3 Ra1 98. Kb5 Kf3 99. Bd5 Kg3 100. Be6 Kf3 101. Bf5 Rb1+ 102. Rb4 Re1 103. Kc6 Ra1 104. Kb7 Ra5 105. Bd7 Bf2 106. Rb2 Bg1 107. Rb1 Bd4 108. Rb3+ Kf2 109. Rb5 Ra2 110. Rxg5 Be3 111. Rb5 Ra1 112. Rb2+ Kg1 113. g5 Ra5 114. Rb5 1-0

[Event "Aragon-chT Honor Descenso"]
[Site "Aragon"]
[Date "2013.04.06"]
[Round "10.21"]
[White "Hefty Hilardo, Jorge Walter"]
[Black "Villuendas Valero, Adrian"]
[Result "1/2-1/2"]
[WhiteElo "2323"]
[BlackElo "2301"]
[PlyCount "31"]
[EventDate "2013.01.26"]
[EventType "team-tourn"]
[EventRounds "11"]
[EventCountry "ESP"]
[SourceTitle "EXT 2014"]
[Source "ChessBase"]
[SourceDate "2013.11.20"]
[SourceVersion "1"]
[SourceVersionDate "2013.11.20"]
[SourceQuality "1"]
[WhiteTeam "IberCaja II"]
[BlackTeam "Ramiro"]
[WhiteTeamCountry "ESP"]
[BlackTeamCountry "ESP"]

1. c4 c5 2. Nf3 Nc6 3. Nc3 g6 4. e3 Bg7 5. d4 d6 6. d5 Na5 7. Be2 Nf6 8. 0-0 0-0 9. a3 b6 10. b4 Nb7 11. Bb2 Bd7 12. Qb3 Qc7 13. Rfd1 Rfc8 14. Rac1 a6 15. h3 Rab8 16. b5 1/2-1/2

[Event "Aragon-chT Honor GrA"]
[Site "Aragon"]
[Date "2013.03.02"]
[Round "6.13"]
[White "Hefty Hilardo, Jorge Walter"]
[Black "Cifuentes Parada, Roberto"]
[Result "0-1"]
[WhiteElo "2323"]
[BlackElo "2473"]
[PlyCount "94"]
[EventDate "2013.01.26"]
[EventType "team"]
[EventRounds "7"]
[EventCountry "ESP"]
[SourceTitle "EXT 2014"]
[Source "ChessBase"]
[SourceDate "2013.11.20"]
[SourceVersion "1"]
[SourceVersionDate "2013.11.20"]
[SourceQuality "1"]
[WhiteTeam "IberCaja II"]
[BlackTeam "Casino Jaque"]
[WhiteTeamCountry "ESP"]
[BlackTeamCountry "ESP"]

1. d4 d5 2. c4 dxc4 3. e4 c5 4. d5 e6 5. Bxc4 Nf6 6. Nc3 exd5 7. Nxd5 Nxd5 8. Bxd5 Be7 9. Nf3 0-0 10. 0-0 Nc6 11. Be3 Nb4 12. Bc4 Be6 13. Bxe6 fxe6 14. Qb3 Qc8 15. Rac1 b5 16. Ne5 c4 17. Nxc4 bxc4 18. Rxc4 Qa6 19. Rxb4 Bxb4 20. Qxb4 Qxa2 21. Bd4 Rf7 22. Bc3 Rd8 23. Qb5 h6 24. h3 Kh7 25. Re1 Rdd7 26. Rf1 Rb7 27. Qe5 Qc4 28. Re1 Rbd7 29. Qa5 Qc6 30. Qe5 Qb6 31. Qg3 Qc5 32. Rf1 Qc4 33. Re1 Rd3 34. Qe5 Qc6 35. f3 Rf6 36. Qg3 Rdxf3 37. Qg4 Qc5+ 38. Kh2 Qc7+ 39. Kg1 Rg3 40. Qh4 Rfg6 41. Re2 Qc4 42. Rf2 Qc5 43. Kf1 e5 44. Qh5 Ra6 45. Qf5+ Rgg6 46. Bxe5 Ra1+ 47. Ke2 Ra5 0-1

[Event "Aragon-chT Honor GrA"]
[Site "Aragon"]
[Date "2013.01.26"]
[Round "1.9"]
[White "Hefty Hilardo, Jorge Walter"]
[Black "Adla, Diego Gustavo"]
[Result "1/2-1/2"]
[WhiteElo "2323"]
[BlackElo "2498"]
[PlyCount "76"]
[EventDate "2013.01.26"]
[EventType "team"]
[EventRounds "7"]
[EventCountry "ESP"]
[SourceTitle "EXT 2014"]
[Source "ChessBase"]
[SourceDate "2013.11.20"]
[SourceVersion "1"]
[SourceVersionDate "2013.11.20"]
[SourceQuality "1"]
[WhiteTeam "IberCaja II"]
[BlackTeam "St Casablanca"]
[WhiteTeamCountry "ESP"]
[BlackTeamCountry "ESP"]

1. d4 d5 2. c4 e6 3. Nc3 c6 4. Nf3 Nf6 5. Bg5 h6 6. Bh4 dxc4 7. e4 g5 8. Bg3 b5 9. Be2 Bg7 10. Qc2 Nh5 11. Rd1 Nxg3 12. hxg3 0-0 13. e5 Nd7 14. Ne4 f5 15. exf6 Nxf6 16. Ne5 Nxe4 17. Qxe4 Qd5 18. Bf3 Qxe4+ 19. Bxe4 Bb7 20. Ke2 Rad8 21. Ke3 Rd6 22. f4 Rfd8 23. Rd2 Ba8 24. Rhd1 a5 25. Bf3 c5 26. Bxa8 cxd4+ 27. Rxd4 Rxd4 28. Rxd4 Rxa8 29. Rd6 Rc8 30. Rxe6 c3 31. bxc3 Rxc3+ 32. Nd3 Rc2 33. f5 Rxg2 34. f6 Rxg3+ 35. Kd4 Rg2 36. Ne5 Bxf6 37. Rxf6 Rxa2 38. Rxh6 Rf2 1/2-1/2

[Event "Aragon-chT Honor Titulo"]
[Site "Spain"]
[Date "2011.04.10"]
[Round "11.1"]
[White "Del Rey, Diego"]
[Black "Hefty Hilardo, Jorge Walter"]
[Result "1/2-1/2"]
[WhiteElo "2374"]
[BlackElo "2314"]
[PlyCount "113"]
[EventDate "2011.03.26"]
[EventType "team-tourn"]
[EventRounds "11"]
[EventCountry "ESP"]
[SourceTitle "EXT 2013"]
[Source "ChessBase"]
[SourceDate "2012.11.22"]
[SourceVersion "1"]
[SourceVersionDate "2012.11.22"]
[SourceQuality "1"]
[WhiteTeam "Olivar"]
[BlackTeam "IberCaja II"]
[WhiteTeamCountry "ESP"]
[BlackTeamCountry "ESP"]

1. d4 d5 2. c4 c6 3. Nf3 Nf6 4. Qc2 g6 5. Bf4 Bg7 6. e3 0-0 7. Bd3 Na6 8. Qb3 dxc4 9. Bxc4 b5 10. Be2 Be6 11. Qd1 Qb6 12. Nc3 Nc7 13. 0-0 Ncd5 14. Nxd5 cxd5 15. Qb3 b4 16. a3 bxa3 17. Qxa3 Nh5 18. Be5 f6 19. Bg3 Nxg3 20. hxg3 Kf7 21. b4 Rfb8 22. b5 Bf8 23. Qa2 Qd6 24. Nd2 Kg7 25. Rab1 Bd7 26. e4 Be6 27. Qb2 dxe4 28. Nxe4 Qb6 29. Nc5 Rd8 30. Bf3 Rab8 31. Nxe6+ Qxe6 32. Bc6 Qd6 33. d5 e6 34. Ra1 exd5 35. Rxa7+ Kh8 36. Qd4 Qe5 37. Qh4 Bg7 38. Rd1 d4 39. Rd7 Rxd7 40. Bxd7 f5 41. Qf4 Qxf4 42. gxf4 Kg8 43. Kf1 Kf8 44. Ke2 Ke7 45. Bc6 Kd6 46. Kd3 Rc8 47. Rh1 h5 48. Ra1 Rc7 49. Ra6 Kc5 50. b6 Rxc6 51. b7 Rxa6 52. b8Q Ra3+ 53. Kd2 Ra2+ 54. Kc1 Ra1+ 55. Kc2 d3+ 56. Kxd3 Ra3+ 57. Ke2 1/2-1/2

[Event "Aragon-chT"]
[Site "Aragon"]
[Date "2008.04.20"]
[Round "11"]
[White "Hefty Hilardo, Jorge Walter"]
[Black "Glavina, Pablo"]
[Result "1/2-1/2"]
[WhiteElo "2340"]
[BlackElo "2459"]
[PlyCount "50"]
[EventDate "2008.02.02"]
[EventType "team-swiss"]
[EventRounds "12"]
[EventCountry "ESP"]
[SourceTitle "EXT 2011"]
[Source "ChessBase"]
[SourceDate "2010.11.26"]
[SourceVersion "1"]
[SourceVersionDate "2010.11.26"]
[SourceQuality "1"]

1. d4 Nf6 2. c4 e6 3. Nc3 Bb4 4. e3 b6 5. Nge2 Ba6 6. a3 Bxc3+ 7. Nxc3 d5 8. Qf3 c6 9. b3 0-0 10. g4 Re8 11. Bb2 Nbd7 12. g5 Ne4 13. Nxe4 dxe4 14. Qxe4 Qxg5 15. Qxc6 Rab8 16. Qxd7 Bb7 17. h4 Qg6 18. Rh3 Qc2 19. Rd1 Qxb2 20. Bd3 Qxa3 21. Rg3 Qb4+ 22. Ke2 Re7 23. Qa4 Qxa4 24. bxa4 Rc8 25. a5 e5 1/2-1/2

[Event "Aragon-chT"]
[Site "Aragon"]
[Date "2008.03.08"]
[Round "6"]
[White "Trigo Conde, Isaac"]
[Black "Hefty Hilardo, Jorge Walter"]
[Result "1-0"]
[WhiteElo "2238"]
[BlackElo "2340"]
[PlyCount "167"]
[EventDate "2008.02.02"]
[EventType "team-swiss"]
[EventRounds "12"]
[EventCountry "ESP"]
[SourceTitle "EXT 2011"]
[Source "ChessBase"]
[SourceDate "2010.11.26"]
[SourceVersion "1"]
[SourceVersionDate "2010.11.26"]
[SourceQuality "1"]

1. e4 e6 2. d4 d5 3. e5 c5 4. c3 Nc6 5. Nf3 Bd7 6. Be2 Nge7 7. Na3 cxd4 8. cxd4 Nf5 9. Nc2 Nb4 10. 0-0 Nxc2 11. Qxc2 Rc8 12. Qd3 a6 13. a4 Bb4 14. b3 Qb6 15. Bb2 h6 16. Rfc1 0-0 17. Bd1 Rxc1 18. Rxc1 Rc8 19. Rxc8+ Bxc8 20. Bc2 h5 21. h3 g6 22. g4 hxg4 23. hxg4 Nh6 24. Nh2 Qd8 25. Bc1 Qh4 26. Qf3 Be7 27. Kg2 Kg7 28. Qg3 Qxg3+ 29. Kxg3 Bb4 30. Nf3 Ng8 31. Bd2 Ba3 32. Bc3 Ne7 33. Ne1 Nc6 34. Nd3 a5 35. f4 b6 36. Kf3 Kf8 37. Ke3 Kg7 38. Bb2 Be7 39. Ne1 Bb4 40. Nf3 Ne7 41. Bd3 Bd7 42. Bc1 Kg8 43. Bd2 Ba3 44. Ke2 Kg7 45. Kd1 Nc8 46. Kc2 Ne7 47. Bc3 Nc8 48. Nd2 Bf8 49. Nf1 Ba3 50. Ne3 Kf8 51. f5 gxf5 52. gxf5 exf5 53. Nxd5 Be6 54. Nf4 Be7 55. Bc4 Bd7 56. d5 Bg5 57. Bd2 Ne7 58. Kd3 Ke8 59. Be3 Nc8 60. Nh5 Bd8 61. Ke2 Bc7 62. Nf6+ Kd8 63. d6 Bb8 64. Bxf7 b5 65. Nxd7 Kxd7 66. axb5 Bxd6 67. exd6 Nxd6 68. Bg6 Nxb5 69. Bxf5+ Kc6 70. Kd3 Nd6 71. Be6 Kb5 72. Bd2 Kb6 73. Bd7 Kc7 74. Bh3 Kb6 75. Bf4 Nb5 76. Bd7 Na3 77. Bc1 Nb5 78. Bxb5 Kxb5 79. Ba3 Kb6 80. Kc4 Kc6 81. Bc1 Kb6 82. Bg5 Kc6 83. Bd8 a4 84. b4 1-0

[Event "ESP Autonomico-chT"]
[Site "Spain"]
[Date "2006.04.01"]
[Round "9.1"]
[White "Glavina, Pablo"]
[Black "Hefty Hilardo, Jorge Walter"]
[Result "1/2-1/2"]
[WhiteElo "2477"]
[BlackElo "2335"]
[PlyCount "76"]
[EventDate "2006.02.04"]
[EventType "team"]
[EventRounds "9"]
[EventCountry "ESP"]
[SourceTitle "EXT 2007"]
[Source "ChessBase"]
[SourceDate "2006.11.23"]
[SourceVersion "1"]
[SourceVersionDate "2006.11.23"]
[SourceQuality "1"]

1. Nf3 d5 2. g3 c6 3. Bg2 Bg4 4. d4 e6 5. 0-0 Nf6 6. Nbd2 Nbd7 7. b3 Bd6 8. Bb2 Qc7 9. c4 0-0 10. h3 Bh5 11. Rc1 Rfe8 12. g4 Bg6 13. Nh4 Be7 14. Nxg6 hxg6 15. e3 dxc4 16. Nxc4 Nd5 17. Qe2 N5b6 18. Ne5 Nxe5 19. dxe5 Rad8 20. f4 Bb4 21. Rc2 Nd5 22. f5 exf5 23. gxf5 gxf5 24. Rxf5 Re6 25. Kh1 Qd7 26. Rf1 Qe7 27. Qf3 Rf8 28. Bd4 a6 29. Rcf2 Nc7 30. Qg4 Rg6 31. Qxg6 fxg6 32. Rxf8+ Qxf8 33. Rxf8+ Kxf8 34. Be4 Kf7 35. Kg2 Ne6 36. Kg3 Nxd4 37. exd4 Bc3 38. d5 Bxe5+ 1/2-1/2

[Event "ESP Autonomico-chT"]
[Site "Spain"]
[Date "2006.03.11"]
[Round "6.25"]
[White "Hefty Hilardo, Jorge Walter"]
[Black "Malo Guillen, Jose Luis"]
[Result "1/2-1/2"]
[WhiteElo "2335"]
[BlackElo "2210"]
[PlyCount "104"]
[EventDate "2006.02.04"]
[EventType "team"]
[EventRounds "9"]
[EventCountry "ESP"]
[SourceTitle "EXT 2007"]
[Source "ChessBase"]
[SourceDate "2006.11.23"]
[SourceVersion "1"]
[SourceVersionDate "2006.11.23"]
[SourceQuality "1"]

1. d4 d5 2. c4 e6 3. Nc3 Nf6 4. Bg5 Be7 5. e3 0-0 6. Nf3 h6 7. Bh4 Ne4 8. Bxe7 Qxe7 9. Rc1 c6 10. Bd3 Nxc3 11. Rxc3 dxc4 12. Bxc4 Nd7 13. 0-0 e5 14. Bb3 Re8 15. h3 e4 16. Nd2 Nf6 17. Rc5 Be6 18. Re5 Bxb3 19. Rxe7 Bxd1 20. Rxe8+ Rxe8 21. Rxd1 Nd5 22. Nc4 Re6 23. Rc1 f6 24. a3 Nb6 25. Na5 Re7 26. Rc3 Kf7 27. Rb3 Ke6 28. Kf1 Kd5 29. Ke2 g6 30. Rc3 Na4 31. Rc2 c5 32. b3 cxd4 33. exd4 Nb6 34. Ke3 f5 35. Rc5+ Kd6 36. Nc4+ Nxc4+ 37. bxc4 Ke6 38. g4 Rd7 39. gxf5+ gxf5 40. Rc8 Kf6 41. a4 b6 42. a5 bxa5 43. Rc6+ Kg5 44. h4+ Kxh4 45. Rxh6+ Kg5 46. Rh1 Rb7 47. d5 Rb2 48. c5 Kf6 49. Kd4 Rb4+ 50. Kc3 Rb5 51. Kc4 Rb4+ 52. Kc3 Rb5 1/2-1/2

[Event "ESP Autonomico-chT"]
[Site "Spain"]
[Date "2006.02.04"]
[Round "1.41"]
[White "Brosa Soto, Jesus"]
[Black "Hefty Hilardo, Jorge Walter"]
[Result "0-1"]
[WhiteElo "2144"]
[BlackElo "2335"]
[PlyCount "58"]
[EventDate "2006.02.04"]
[EventType "team"]
[EventRounds "9"]
[EventCountry "ESP"]
[SourceTitle "EXT 2007"]
[Source "ChessBase"]
[SourceDate "2006.11.23"]
[SourceVersion "1"]
[SourceVersionDate "2006.11.23"]
[SourceQuality "1"]

1. c4 e6 2. Nc3 d5 3. d3 Nf6 4. Bg5 h6 5. Bh4 c6 6. e3 Bb4 7. Qb3 Qa5 8. Bxf6 dxc4 9. Qxc4 gxf6 10. a3 Be7 11. b4 Qd8 12. d4 b5 13. Qb3 a5 14. Rb1 axb4 15. axb4 Na6 16. Na2 e5 17. d5 0-0 18. e4 cxd5 19. exd5 Bf5 20. Bd3 e4 21. Bxb5 Qb6 22. Bc6 e3 23. Rb2 Nxb4 24. Nxb4 Bxb4+ 25. Ke2 exf2 26. Nh3 Bg4+ 27. Kf1 Ra1+ 28. Rb1 Qa6+ 29. Kxf2 Qe2+ 0-1

[Event "Autonomico-chT"]
[Site "Aragon"]
[Date "2005.03.19"]
[Round "8.5"]
[White "Glavina, Pablo"]
[Black "Hefty Hilardo, Jorge Walter"]
[Result "1-0"]
[WhiteElo "2471"]
[BlackElo "2315"]
[PlyCount "45"]
[EventDate "2005.01.22"]
[EventType "team"]
[EventRounds "12"]
[EventCountry "ESP"]
[SourceTitle "EXT 2006"]
[Source "ChessBase"]
[SourceDate "2005.11.24"]
[SourceVersion "1"]
[SourceVersionDate "2005.11.24"]
[SourceQuality "1"]

1. d4 d5 2. c4 e6 3. Nf3 Nf6 4. g3 dxc4 5. Bg2 c5 6. 0-0 Nc6 7. Qa4 Bd7 8. Qxc4 b5 9. Qd3 Rc8 10. Nc3 cxd4 11. Nxd4 Ne5 12. Qd1 a6 13. a4 Qb6 14. axb5 axb5 15. Ndxb5 Bc5 16. Bf4 Nfg4 17. Na7 Rd8 18. Ne4 Bc6 19. Nxc6 Nxc6 20. Qa4 Rd4 21. b4 Bxb4 22. Rac1 Bc5 23. Qc2 1-0